| 000 | 01187nam a2200313 i 4500 | ||
|---|---|---|---|
| 001 | 000022433 | ||
| 003 | DO-SdBNP | ||
| 005 | 20250602113834.0 | ||
| 007 | ta | ||
| 008 | 101011s1987 dr 000 0 spa d | ||
| 040 |
_aDO-SdBNP _bspa _cBNPHU _erda |
||
| 041 | _aspa | ||
| 082 | 4 |
_a970.016 _bC335h 1987 _222 |
|
| 100 | 1 |
_aCasas, Bartolomé de las _946241 _4aut. _eautor |
|
| 245 | 1 | 0 |
_aHistoria de las Indias / _cBartolomé de las Casas. |
| 264 | 1 |
_aSanto Domingo, República Dominicana : _bSociedad Dominicana de Bibliófilos, _c1987. |
|
| 300 |
_a3 volúmenes ; _c24 cm. |
||
| 336 |
_atexto _btxt _2rdacontent |
||
| 337 |
_asin mediación _bn _2rdamedia |
||
| 338 |
_avolumen _bnc _2rdacarrier |
||
| 500 | _aIncluye índice analítico | ||
| 590 | _aInventariado, 2020/YL | ||
| 600 | 0 |
_aColón, Cristóbal, _d1436-1456 _919795 |
|
| 650 | 0 |
_aTrato a los indígenas _zAmérica Latina _918560 _yObras tempranas hasta 1800. |
|
| 651 | 0 |
_aAmérica del Sur _xHistoria _yGuerras de Independencia, 1806-1830 _vEnsayo, conferencias, etc. _94537 |
|
| 651 | 0 |
_aEspaña _xColonias _xAmérica _9830 _yObras tempranas hasta 1800 |
|
| 910 | _aValidado. Control de calidad MFF | ||
| 942 |
_2ddc _cLBS1 |
||
| 999 |
_c21931 _d21931 |
||